Statistiche per Comuni più popolosi non capoluoghi

Clicka qui per fare il quiz!

Statistiche generali

  • Questo quiz è stato fatto 275 volte
  • Il punteggio medio è 11 su 20

Statistiche sulle risposte

RegioneProvinciaComunePopolazione% Corretto
LombardiaVareseBusto Arsizio83340
71%
CampaniaNapoliGiugliano in Campania123839
71%
LombardiaMilanoSesto San Giovanni81822
66%
Emilia-RomagnaModenaCarpi71060
61%
CampaniaNapoliTorre del Greco85762
59%
SiciliaTrapaniMarsala83232
58%
SiciliaCaltanissettaGela75458
57%
LazioRomaGuidonia Montecelio89141
56%
LazioRomaFiumicino78887
54%
CampaniaNapoliPozzuoli81528
54%
SardegnaCagliariQuartu Sant'Elena70914
54%
LombardiaMilanoCinisello Balsamo75659
53%
Emilia-RomagnaBolognaImola69951
51%
CampaniaNapoliAfragola64558
47%
CalabriaCatanzaroLamezia Terme70891
47%
SiciliaRagusaVittoria63906
46%
LazioLatinaAprilia73934
44%
PugliaBariAltamura70595
43%
CampaniaNapoliCastellammare di Stabia66164
43%
CampaniaNapoliCasoria77319
39%

Distribuzione punteggi

Percentile per numero di risposta

Percentuale di utenti per punteggio

I tuoi punteggi nel tempo

Non hai fatto questo quiz